[Event "63. Polonia ch 2006"]
[Site "Krakow POL"]
[Date "2006.03.03"]
[Round "7.6"]
[White "Grabarczyk, Miroslaw"]
[Black "Socko, Bartosz"]
[Result "1/2-1/2"]
[WhiteElo "2479"]
[BlackElo "2610"]
[PlyCount "108"]
[EventDate "2006.02.25"]
[EventType "tourn"]
[EventRounds "13"]
[EventCountry "POL"]
[EventCategory "12"]
[Source "lmi"]
[SourceDate "2006.03.09"]

1. d4 Nf6 2. c4 g6 3. g3 Bg7 4. Bg2 O-O 5. Nc3 d6 6. Nf3 Nc6 7. O-O a6 8. h3
Bf5 9. b3 Ne4 10. Bb2 Nxc3 11. Bxc3 Be4 12. Qd2 d5 13. Rad1 e6 14. Ne5 Nxe5 15.
dxe5 Bxg2 16. Kxg2 dxc4 17. Qf4 Qc8 18. Qxc4 Rd8 19. Qe4 Rb8 20. Rd3 Rxd3 21.
Qxd3 Bf8 22. Rd1 Be7 23. h4 Qe8 24. Qd7 Kf8 25. h5 Rd8 26. Qxe8+ Kxe8 27. hxg6
hxg6 28. Rh1 Ba3 29. Kf3 Kd7 30. Rh7 Ke7 31. Rh1 b6 32. Ke4 a5 33. Bd4 Bb4 34.
a4 Rd5 35. f4 Rd7 36. g4 c5 37. Be3 Bd2 38. Bf2 Kd8 39. Rh3 Kc7 40. Rd3 Bc1 41.
e3 Kc6 42. Rxd7 Kxd7 43. Kd3 Kc6 44. Kc4 Bd2 45. Kd3 Bb4 46. Kc4 g5 47. fxg5
Ba3 48. Be1 Bb2 49. Bg3 Bc1 50. Bf2 Bd2 51. Kd3 Bb4 52. Kc4 Ba3 53. Be1 Bb2 54.
Bg3 Bc1 1/2-1/2

[Event "63. Polonia ch 2006"]
[Site "Krakow POL"]
[Date "2006.03.04"]
[Round "8.2"]
[White "Macieja, Bartlomiej"]
[Black "Grabarczyk, Miroslaw"]
[Result "1-0"]
[WhiteElo "2585"]
[BlackElo "2479"]
[PlyCount "91"]
[EventDate "2006.02.25"]
[EventType "tourn"]
[EventRounds "13"]
[EventCountry "POL"]
[EventCategory "12"]
[Source "lmi"]
[SourceDate "2006.03.09"]

1. e4 e5 2. Nf3 Nc6 3. Bb5 Nf6 4. d3 d6 5. O-O a6 6. Bxc6+ bxc6 7. d4 Nd7 8. c4
Be7 9. Nc3 O-O 10. Be3 Bb7 11. dxe5 Nxe5 12. Nxe5 dxe5 13. Qb3 Bc8 14. Rad1 Bd7
15. Na4 Re8 16. Qc3 Qc8 17. Qxe5 c5 18. Nc3 Bf6 19. Qd5 Bxc3 20. bxc3 Ba4 21.
Rde1 c6 22. Qd3 Qd8 23. Qxd8 Raxd8 24. Bxc5 Bc2 25. f3 Bd3 26. Rf2 Bxc4 27. Rb2
Rd3 28. Rc1 f5 29. exf5 Rd5 30. Bd4 c5 31. Bf2 Rxf5 32. Rd1 Bb5 33. Rbd2 Bc4
34. a3 Bb5 35. Rd8 c4 36. Rxe8+ Bxe8 37. Rd8 Kf7 38. Bd4 Ra5 39. Rc8 Bb5 40.
Rc7+ Ke6 41. Rxg7 Rxa3 42. Rxh7 a5 43. h4 a4 44. h5 Kf5 45. Rf7+ Kg5 46. Be3+
1-0

[Event "63. Polonia ch 2006"]
[Site "Krakow POL"]
[Date "2006.03.04"]
[Round "8.3"]
[White "Heberla, Bartolomiej"]
[Black "Warakomski, Tomasz"]
[Result "1/2-1/2"]
[WhiteElo "2487"]
[BlackElo "2430"]
[PlyCount "168"]
[EventDate "2006.02.25"]
[EventType "tourn"]
[EventRounds "13"]
[EventCountry "POL"]
[EventCategory "12"]
[Source "lmi"]
[SourceDate "2006.03.09"]

1. c4 e5 2. g3 Nf6 3. Bg2 Nc6 4. Nf3 d5 5. cxd5 Nxd5 6. O-O Nb6 7. d3 Be7 8. a3
O-O 9. Nbd2 a5 10. b3 Re8 11. Bb2 Bf8 12. Rc1 Nd4 13. Nxe5 Rxe5 14. e3 Re8 15.
Bxd4 Bxa3 16. Rc2 Bf8 17. Ne4 f5 18. Nc5 Nd5 19. Bb2 Ra7 20. Rc4 Nf6 21. Qa1 b6
22. Na4 Be6 23. Rd4 Qe7 24. Bc6 Rb8 25. Nc3 Bxb3 26. Nb5 Ra6 27. Rf4 Nd5 28.
Rxf5 Nb4 29. Nd4 Bf7 30. Ba3 Be8 31. Bxb4 Qxb4 32. Qa2+ Kh8 33. Qe6 b5 34. Qd5
Bg6 35. Rg5 Bxd3 36. Rd1 Bc4 37. Qe4 Qe7 38. Re5 Qd6 39. Rb1 Bd3 40. Qxd3 Qxe5
41. Bxb5 Rd6 42. Qc2 Rb7 43. Bc6 Rxb1+ 44. Qxb1 Rf6 45. h4 Bc5 46. Nf3 Qe7 47.
Bd5 g6 48. Qa1 Bb6 49. Ng5 Qg7 50. Qe5 Rf5 51. Qe8+ Qf8 52. Qd7 Qg7 53. Nf7+
Rxf7 54. Bxf7 Bc5 55. Qxc7 Bf8 56. Qf4 a4 57. Ba2 a3 58. Qc4 Be7 59. Kg2 Qf8
60. f4 Kg7 61. Qd5 Qd8 62. Qf7+ Kh6 63. Kh3 Qd1 64. Qd5 Qxd5 65. Bxd5 Kg7 66.
g4 h6 67. g5 hxg5 68. hxg5 Bc5 69. e4 Bd6 70. Kg4 Bc7 71. Ba2 Bd6 72. Kf3 Bc7
73. Ke3 Ba5 74. e5 Kf8 75. Ke4 Ke7 76. f5 gxf5+ 77. Kxf5 Kf8 78. Kg6 Bc7 79. e6
Be5 80. Kh7 Ba1 81. g6 Bb2 82. g7+ Bxg7 83. e7+ Ke8 84. Kxg7 Kxe7 1/2-1/2

[Event "63. Polonia ch 2006"]
[Site "Krakow POL"]
[Date "2006.03.04"]
[Round "8.4"]
[White "Bobras, Piotr"]
[Black "Gajewski, Grzegorz"]
[Result "0-1"]
[WhiteElo "2531"]
[BlackElo "2486"]
[PlyCount "56"]
[EventDate "2006.02.25"]
[EventType "tourn"]
[EventRounds "13"]
[EventCountry "POL"]
[EventCategory "12"]
[Source "lmi"]
[SourceDate "2006.03.09"]

1. d4 Nf6 2. c4 e6 3. Nf3 d5 4. Nc3 Bb4 5. cxd5 exd5 6. Bg5 c5 7. e3 O-O 8. Bd3
c4 9. Bb1 Bxc3+ 10. bxc3 Nbd7 11. Nd2 Qa5 12. Qc2 Ne4 13. Be7 Re8 14. Bb4 Qc7
15. a4 Ndf6 16. f3 Nxd2 17. Kxd2 a5 18. Ba3 Bd7 19. Qd1 Ra6 20. Bc2 Nh5 21. Qe1
Qd8 22. Qf2 f5 23. Rab1 Qc7 24. Qh4 Rh6 25. Qg5 Rg6 26. Qxh5 Rxg2+ 27. Kc1 Rxe3
28. Bxf5 Re1+ 0-1

[Event "63. Polonia ch 2006"]
[Site "Krakow POL"]
[Date "2006.03.04"]
[Round "8.5"]
[White "Dziuba, Marcin"]
[Black "Czarnota, Pawel"]
[Result "1/2-1/2"]
[WhiteElo "2491"]
[BlackElo "2497"]
[PlyCount "59"]
[EventDate "2006.02.25"]
[EventType "tourn"]
[EventRounds "13"]
[EventCountry "POL"]
[EventCategory "12"]
[Source "lmi"]
[SourceDate "2006.03.09"]

1. d4 d5 2. c4 c6 3. Nc3 Nf6 4. Nf3 e6 5. Bg5 h6 6. Bxf6 Qxf6 7. e3 Nd7 8. Bd3
dxc4 9. Bxc4 g6 10. O-O Qe7 11. Qe2 Bg7 12. e4 O-O 13. e5 b5 14. Bd3 a6 15. Be4
Bb7 16. Rac1 Rab8 17. Rfd1 Rfc8 18. h4 h5 19. a3 Nb6 20. Rc2 c5 21. Bxb7 Rxb7
22. Ne4 cxd4 23. Rxc8+ Nxc8 24. Rxd4 Nb6 25. Rd6 Rb8 26. Qd1 Qc7 27. g3 Nd5 28.
Qd4 a5 29. Kg2 b4 30. Ra6 1/2-1/2

[Event "63. Polonia ch 2006"]
[Site "Krakow POL"]
[Date "2006.03.04"]
[Round "8.6"]
[White "Bartel, Mateusz"]
[Black "Kempinski, Robert"]
[Result "1-0"]
[WhiteElo "2524"]
[BlackElo "2619"]
[PlyCount "53"]
[EventDate "2006.02.25"]
[EventType "tourn"]
[EventRounds "13"]
[EventCountry "POL"]
[EventCategory "12"]
[Source "lmi"]
[SourceDate "2006.03.09"]

1. e4 c5 2. Ne2 a6 3. Nbc3 d6 4. g3 Nf6 5. Bg2 e6 6. d4 cxd4 7. Nxd4 Be7 8. a4
Qc7 9. a5 Nbd7 10. O-O O-O 11. f4 Rb8 12. g4 Ne8 13. g5 b5 14. Kh1 b4 15. Nce2
Nc5 16. f5 Bb7 17. Ng3 Qd7 18. Be3 d5 19. e5 exf5 20. Ngxf5 Ne6 21. Bh3 N8c7
22. Nxg7 Kxg7 23. Qh5 Bc5 24. Rf6 Rh8 25. Nf5+ Kf8 26. Bxc5+ Nxc5 27. Qh6+ 1-0

[Event "63. Polonia ch 2006"]
[Site "Krakow POL"]
[Date "2006.03.05"]
[Round "9.4"]
[White "Warakomski, Tomasz"]
[Black "Bobras, Piotr"]
[Result "0-1"]
[WhiteElo "2430"]
[BlackElo "2531"]
[PlyCount "80"]
[EventDate "2006.02.25"]
[EventType "tourn"]
[EventRounds "13"]
[EventCountry "POL"]
[EventCategory "12"]
[Source "lmi"]
[SourceDate "2006.03.09"]

1. e4 c5 2. Nf3 d6 3. d4 cxd4 4. Nxd4 Nf6 5. Nc3 a6 6. f4 e5 7. Nf3 Nbd7 8. a4
Be7 9. Bd3 O-O 10. O-O exf4 11. Kh1 Nh5 12. Nd5 Ndf6 13. Nxf4 Bg4 14. Qe1 Re8
15. Nd5 Nxd5 16. exd5 Bxf3 17. Rxf3 Bh4 18. Qb4 Re1+ 19. Rf1 Rxf1+ 20. Bxf1 Qe7
21. Bd2 g6 22. Bd3 Re8 23. g3 Bf6 24. Re1 Be5 25. Qg4 Nf6 26. Qf3 Kg7 27. b4
Qc7 28. c4 a5 29. bxa5 Nd7 30. c5 Nxc5 31. Bb5 Re7 32. Bg5 f6 33. Bd2 f5 34.
Rc1 Qd8 35. Qe3 Bf6 36. Qh6+ Kg8 37. Qf4 Re4 38. Qf3 Bg5 39. Qf2 Bxd2 40. Qxd2
Nb3 0-1

[Event "63. Polonia ch 2006"]
[Site "Krakow POL"]
[Date "2006.03.05"]
[Round "9.5"]
[White "Grabarczyk, Miroslaw"]
[Black "Heberla, Bartolomiej"]
[Result "0-1"]
[WhiteElo "2479"]
[BlackElo "2487"]
[PlyCount "114"]
[EventDate "2006.02.25"]
[EventType "tourn"]
[EventRounds "13"]
[EventCountry "POL"]
[EventCategory "12"]
[Source "lmi"]
[SourceDate "2006.03.09"]

1. d4 g6 2. Nf3 Bg7 3. g3 c5 4. d5 d6 5. c4 b5 6. cxb5 a6 7. bxa6 Nf6 8. Nc3
Nbd7 9. Bg2 Nb6 10. O-O O-O 11. Re1 Bxa6 12. e4 Nfd7 13. Qc2 Nc4 14. Bf1 Qa5
15. Bxc4 Bxc4 16. Bg5 Rfe8 17. Rac1 h6 18. Be3 Kh7 19. b3 Ba6 20. Bd2 Qd8 21.
Nd1 e6 22. Ne3 Bb7 23. b4 exd5 24. exd5 Qf6 25. Nh4 Nb6 26. bxc5 dxc5 27. Qb3
c4 28. Nxc4 Nxc4 29. Qxc4 Rxe1+ 30. Rxe1 Rd8 31. Qc7 Bxd5 32. Ba5 Ra8 33. Qb6
g5 34. Qb5 Bc6 35. Qd3+ Kh8 36. Bc7 gxh4 37. Be5 Qf3 38. Qxf3 Bxf3 39. Bxg7+
Kxg7 40. Re3 Bd5 41. a3 Rb8 42. f3 Rb1+ 43. Kf2 Rb2+ 44. Re2 hxg3+ 45. hxg3
Rxe2+ 46. Kxe2 Kf6 47. a4 Ke5 48. Ke3 h5 49. a5 Bb7 50. Kf2 Kd4 51. g4 h4 52.
Kg2 Kc5 53. Kf2 h3 54. Kg3 h2 55. Kxh2 Bxf3 56. Kg3 Be4 57. Kf4 Bg6 0-1

[Event "63. Polonia ch 2006"]
[Site "Krakow POL"]
[Date "2006.03.06"]
[Round "10.2"]
[White "Heberla, Bartolomiej"]
[Black "Socko, Bartosz"]
[Result "1/2-1/2"]
[WhiteElo "2487"]
[BlackElo "2610"]
[PlyCount "77"]
[EventDate "2006.02.25"]
[EventType "tourn"]
[EventRounds "13"]
[EventCountry "POL"]
[EventCategory "12"]
[Source "lmi"]
[SourceDate "2006.03.09"]

1. e4 e5 2. Nf3 Nc6 3. Bc4 Bc5 4. c3 Nf6 5. d3 d6 6. Nbd2 a6 7. Bb3 O-O 8. h3
Ba7 9. Nf1 d5 10. Qe2 Be6 11. Ng3 dxe4 12. dxe4 Bxb3 13. axb3 Qd7 14. O-O Rfd8
15. Bg5 Qe6 16. b4 h6 17. Be3 Bxe3 18. fxe3 Ne8 19. Nh2 Nd6 20. Ng4 Ne7 21. Qf3
Kf8 22. Rf2 Ng6 23. Nf5 Nc4 24. Ngxh6 gxh6 25. Qh5 Nh8 26. Nxh6 Ke8 27. Raf1
Qg6 28. Qh4 Nxe3 29. Re1 Qb6 30. Qg5 Rd1 31. Qg8+ Ke7 32. Qg5+ Kd7 33. Rxd1+
Nxd1 34. Qg4+ Ke8 35. Qg8+ Ke7 36. Qg5+ Kd7 37. Qg4+ Ke8 38. Qg8+ Ke7 39. Qg5+
1/2-1/2

[Event "63. Polonia ch 2006"]
[Site "Krakow POL"]
[Date "2006.03.07"]
[Round "11.2"]
[White "Markowski, Tomasz"]
[Black "Kempinski, Robert"]
[Result "1/2-1/2"]
[WhiteElo "2565"]
[BlackElo "2619"]
[PlyCount "25"]
[EventDate "2006.02.25"]
[EventType "tourn"]
[EventRounds "13"]
[EventCountry "POL"]
[EventCategory "12"]
[Source "lmi"]
[SourceDate "2006.03.09"]

1. g3 g6 2. Bg2 Bg7 3. c4 c5 4. Nc3 Nc6 5. e3 e6 6. Nge2 Nge7 7. O-O O-O 8. d4
cxd4 9. Nxd4 Nxd4 10. exd4 d5 11. cxd5 Nxd5 12. Nxd5 exd5 13. Be3 1/2-1/2

[Event "63. Polonia ch 2006"]
[Site "Krakow POL"]
[Date "2006.03.07"]
[Round "11.3"]
[White "Gajewski, Grzegorz"]
[Black "Bartel, Mateusz"]
[Result "0-1"]
[WhiteElo "2486"]
[BlackElo "2524"]
[PlyCount "36"]
[EventDate "2006.02.25"]
[EventType "tourn"]
[EventRounds "13"]
[EventCountry "POL"]
[EventCategory "12"]
[Source "lmi"]
[SourceDate "2006.03.09"]

1. d4 Nf6 2. c4 e6 3. Nf3 b6 4. g3 Ba6 5. Qa4 c5 6. Bg2 Bb7 7. dxc5 bxc5 8. O-O
Be7 9. Nc3 O-O 10. Bf4 d6 11. Rfd1 Qb6 12. Rd2 Nc6 13. Bxd6 Bxd6 14. Rxd6 Qxb2
15. Rb1 Qxc3 16. Rxb7 Nd4 17. Nxd4 Qe1+ 18. Bf1 Ne4 0-1

[Event "63. Polonia ch 2006"]
[Site "Krakow POL"]
[Date "2006.03.07"]
[Round "11.4"]
[White "Warakomski, Tomasz"]
[Black "Dziuba, Marcin"]
[Result "1-0"]
[WhiteElo "2430"]
[BlackElo "2491"]
[PlyCount "101"]
[EventDate "2006.02.25"]
[EventType "tourn"]
[EventRounds "13"]
[EventCountry "POL"]
[EventCategory "12"]
[Source "lmi"]
[SourceDate "2006.03.09"]

1. g3 d5 2. Bg2 c6 3. d3 e5 4. Nf3 Bd6 5. c4 Nf6 6. O-O O-O 7. cxd5 cxd5 8. Nc3
h6 9. Qb3 d4 10. Nd5 Nxd5 11. Qxd5 Nc6 12. Nd2 Be6 13. Qb5 Qe7 14. Ne4 a6 15.
Qb6 Bc7 16. Qc5 Qd8 17. Qc2 Bd5 18. Bd2 Rc8 19. Rfc1 Bb6 20. b4 Kh8 21. Nc5
Bxg2 22. Kxg2 Ne7 23. Qb3 Rc7 24. Na4 Ba7 25. b5 Rxc1 26. Rxc1 axb5 27. Qxb5
Qd5+ 28. Qxd5 Nxd5 29. Rb1 b6 30. Rb5 Rd8 31. g4 f6 32. Kf3 Kg8 33. Nb2 Kf7 34.
a4 Bb8 35. e4 dxe3 36. fxe3 Ba7 37. Rb3 Nc7 38. e4 Ne6 39. Be3 Rd7 40. Nc4 Nd4+
41. Bxd4 Rxd4 42. a5 b5 43. Nb6 g6 44. Ke2 f5 45. gxf5 gxf5 46. Nc8 Rd7 47.
Nxa7 Rxa7 48. Rxb5 fxe4 49. dxe4 Kf6 50. Kd3 h5 51. h4 1-0

[Event "63. Polonia ch 2006"]
[Site "Krakow POL"]
[Date "2006.03.08"]
[Round "12.1"]
[White "Wojtaszek, Radoslaw"]
[Black "Heberla, Bartolomiej"]
[Result "1/2-1/2"]
[WhiteElo "2605"]
[BlackElo "2487"]
[PlyCount "124"]
[EventDate "2006.02.25"]
[EventType "tourn"]
[EventRounds "13"]
[EventCountry "POL"]
[EventCategory "12"]
[Source "lmi"]
[SourceDate "2006.03.09"]

1. d4 Nf6 2. c4 e6 3. Nc3 Bb4 4. e3 c5 5. Bd3 Nc6 6. Nge2 cxd4 7. exd4 d5 8.
O-O dxc4 9. Bxc4 O-O 10. Be3 b6 11. a3 Be7 12. Nf4 e5 13. dxe5 Nxe5 14. Be2 Bb7
15. h3 Qxd1 16. Rfxd1 Rfd8 17. Nb5 Rxd1+ 18. Rxd1 Ng6 19. Rc1 Nxf4 20. Bxf4 Nd5
21. Bg3 Ba6 22. a4 Rd8 23. Bf3 Bxb5 24. axb5 Bf6 25. Rd1 Nb4 26. Ra1 Bxb2 27.
Rxa7 Bd4 28. Bc7 Re8 29. Rb7 Re1+ 30. Kh2 g6 31. Bxb6 Bxb6 32. Rxb6 Nd3 33. Rd6
Ne5 34. Bd5 Kf8 35. Ra6 Rd1 36. Be4 Rd4 37. Bc6 Nxc6 38. Rxc6 Rb4 39. b6 Rb3
40. f3 h5 41. Kg3 Rb4 42. Kf2 Rb3 43. Rc8+ Ke7 44. Rb8 h4 45. Rb7+ Ke6 46. Ke2
Rb2+ 47. Kd3 Rxg2 48. Rc7 Rb2 49. b7 g5 50. Kd4 f6 51. Kc5 Ke5 52. Re7+ Kf5 53.
Rd7 Rc2+ 54. Kb4 Rb2+ 55. Kc5 Rc2+ 56. Kd5 Rb2 57. Rf7 Kf4 58. Kc6 Kg3 59. Rxf6
Kxh3 60. Rg6 Rxb7 61. Kxb7 Kg3 62. Rxg5+ Kxf3 1/2-1/2

[Event "63. Polonia ch 2006"]
[Site "Krakow POL"]
[Date "2006.03.08"]
[Round "12.4"]
[White "Bartel, Mateusz"]
[Black "Warakomski, Tomasz"]
[Result "1-0"]
[WhiteElo "2524"]
[BlackElo "2430"]
[PlyCount "75"]
[EventDate "2006.02.25"]
[EventType "tourn"]
[EventRounds "13"]
[EventCountry "POL"]
[EventCategory "12"]
[Source "lmi"]
[SourceDate "2006.03.09"]

1. e4 e5 2. Nf3 Nc6 3. Bb5 a6 4. Ba4 Nf6 5. O-O Be7 6. Re1 b5 7. Bb3 d6 8. c3
O-O 9. d4 Bg4 10. a4 Bxf3 11. gxf3 Na5 12. Ba2 c5 13. Na3 cxd4 14. cxd4 b4 15.
Nc4 b3 16. Nxa5 Qxa5 17. Bxb3 exd4 18. Bc4 Nd7 19. f4 Bf6 20. Bd2 Qb6 21. a5
Qa7 22. b4 g6 23. Qb3 Bg7 24. Rac1 Nf6 25. e5 Ne8 26. Bd5 Rd8 27. Rc6 dxe5 28.
fxe5 Nc7 29. Bg2 d3 30. Qc4 Nb5 31. Qc5 Qd7 32. Rxa6 Nd4 33. Rd6 Qg4 34. Qxd4
Qxd4 35. Rxd4 Rxd4 36. a6 Rc4 37. a7 Rc2 38. Be3 1-0

[Event "63. Polonia ch 2006"]
[Site "Krakow POL"]
[Date "2006.03.08"]
[Round "12.5"]
[White "Kempinski, Robert"]
[Black "Gajewski, Grzegorz"]
[Result "0-1"]
[WhiteElo "2619"]
[BlackElo "2486"]
[PlyCount "84"]
[EventDate "2006.02.25"]
[EventType "tourn"]
[EventRounds "13"]
[EventCountry "POL"]
[EventCategory "12"]
[Source "lmi"]
[SourceDate "2006.03.09"]

1. d4 Nf6 2. Nf3 d5 3. c4 e6 4. Nc3 Bb4 5. cxd5 exd5 6. Bg5 c5 7. e3 O-O 8. Qc2
cxd4 9. Nxd4 Nc6 10. Nxc6 bxc6 11. a3 Bd6 12. Be2 Be5 13. Rc1 Rb8 14. Na4 h6
15. Bh4 Qa5+ 16. Kf1 Bf5 17. Qxf5 Qxa4 18. Qxe5 Qxh4 19. g3 Qh3+ 20. Kg1 Rfe8
21. Qd4 Qf5 22. g4 Qd7 23. Bf3 Ne4 24. b4 a5 25. Kg2 axb4 26. axb4 Ng5 27. h3
f5 28. Be2 Re4 29. Qc3 fxg4 30. Bxg4 Rxg4+ 31. hxg4 Qxg4+ 32. Kf1 Ne4 33. Qb2
Ng3+ 34. fxg3 Qf3+ 35. Kg1 Qxg3+ 36. Qg2 Qxe3+ 37. Kh2 Rxb4 38. Qg3 Rb2+ 39.
Kh3 Qe6+ 40. Qg4 Rb3+ 41. Kh4 Qf6+ 42. Kh5 Qf7+ 0-1

[Event "63. Polonia ch 2006"]
[Site "Krakow POL"]
[Date "2006.03.09"]
[Round "13.2"]
[White "Gajewski, Grzegorz"]
[Black "Czarnota, Pawel"]
[Result "1/2-1/2"]
[WhiteElo "2486"]
[BlackElo "2497"]
[PlyCount "80"]
[EventDate "2006.02.25"]
[EventType "tourn"]
[EventRounds "13"]
[EventCountry "POL"]
[EventCategory "12"]
[Source "lmi"]
[SourceDate "2006.03.09"]

1. d4 d5 2. c4 c6 3. cxd5 cxd5 4. Nc3 Nf6 5. Bf4 Nc6 6. Nf3 e6 7. e3 Be7 8. Bb5
O-O 9. Ne5 Nxe5 10. Bxe5 a6 11. Bd3 Bd7 12. O-O b5 13. a3 Qb6 14. Qe2 Rfc8 15.
a4 bxa4 16. Nxa4 Bxa4 17. Rxa4 a5 18. Bxf6 Bxf6 19. Raa1 Rcb8 20. Rfc1 e5 21.
dxe5 Bxe5 22. Rc2 g6 23. g3 a4 24. Ra2 Qb3 25. Ra3 Qb4 26. Ra2 f5 27. Kg2 Ra5
28. h4 Qd6 29. Rd2 Qe6 30. Qd1 Rb4 31. Be2 Kg7 32. Bf3 d4 33. Ra3 Qb6 34. exd4
Rxd4 35. Rxd4 Qxd4 36. Qxd4 Bxd4 37. b3 Bc5 38. Rxa4 Rxa4 39. bxa4 Bb4 40. Bc6
h5 1/2-1/2

[Event "63. Polonia ch 2006"]
[Site "Krakow POL"]
[Date "2006.03.09"]
[Round "13.3"]
[White "Warakomski, Tomasz"]
[Black "Kempinski, Robert"]
[Result "1/2-1/2"]
[WhiteElo "2430"]
[BlackElo "2619"]
[PlyCount "26"]
[EventDate "2006.02.25"]
[EventType "tourn"]
[EventRounds "13"]
[EventCountry "POL"]
[EventCategory "12"]
[Source "lmi"]
[SourceDate "2006.03.09"]

1. e4 c5 2. Nf3 d6 3. d4 cxd4 4. Nxd4 Nf6 5. Nc3 a6 6. Bc4 e6 7. Bb3 b5 8. Bg5
Qb6 9. O-O Be7 10. Qf3 Qb7 11. Rfe1 O-O 12. Rad1 Nbd7 13. Qg3 Kh8 1/2-1/2

[Event "63. Polonia ch 2006"]
[Site "Krakow POL"]
[Date "2006.03.09"]
[Round "13.5"]
[White "Socko, Bartosz"]
[Black "Dziuba, Marcin"]
[Result "1/2-1/2"]
[WhiteElo "2610"]
[BlackElo "2491"]
[PlyCount "27"]
[EventDate "2006.02.25"]
[EventType "tourn"]
[EventRounds "13"]
[EventCountry "POL"]
[EventCategory "12"]
[Source "lmi"]
[SourceDate "2006.03.09"]

1. e4 c6 2. d4 d5 3. Nc3 dxe4 4. Nxe4 Bf5 5. Ng3 Bg6 6. h4 h6 7. Nf3 Nd7 8. h5
Bh7 9. Bd3 Bxd3 10. Qxd3 e6 11. Bf4 Ngf6 12. O-O-O Nd5 13. Bd2 Nb4 14. Bxb4
1/2-1/2

[Event "63. Polonia ch 2006"]
[Site "Krakow POL"]
[Date "2006.03.09"]
[Round "13.6"]
[White "Heberla, Bartolomiej"]
[Black "Bobras, Piotr"]
[Result "0-1"]
[WhiteElo "2487"]
[BlackElo "2531"]
[PlyCount "86"]
[EventDate "2006.02.25"]
[EventType "tourn"]
[EventRounds "13"]
[EventCountry "POL"]
[EventCategory "12"]
[Source "lmi"]
[SourceDate "2006.03.09"]

1. e4 e5 2. Nf3 Nc6 3. Bc4 Nf6 4. d3 Bc5 5. Nc3 h6 6. Be3 Bxe3 7. fxe3 d6 8.
O-O Be6 9. Bb5 Bd7 10. Qe1 Ne7 11. Bxd7+ Qxd7 12. Nh4 c6 13. d4 O-O 14. Rd1 Qe6
15. d5 cxd5 16. exd5 Qg4 17. e4 Nh5 18. Rd3 Rac8 19. Nf5 Nxf5 20. Rxf5 Rxc3 21.
h3 Qxf5 22. exf5 Rc5 23. Rc3 Rxd5 24. Rc7 Re8 25. Qe3 e4 26. g4 Nf6 27. Rxb7
Rd1+ 28. Kh2 a5 29. Qe2 Rd5 30. Qe3 Rc8 31. c3 Rcc5 32. Rb8+ Kh7 33. Qe2 Rd3
34. c4 Rxc4 35. Rb3 Rcd4 36. Qe1 a4 37. Rc3 Rd1 38. Qh4 R4d2+ 39. Kg3 Rg1+ 40.
Kf4 Re2 41. Re3 Rf1+ 42. Kg3 Rxe3+ 43. Kg2 Rf4 0-1